| 000 | 00778nas a2200253 4500 | ||
|---|---|---|---|
| 001 | BR0904410 | ||
| 003 | BR-BrBNA | ||
| 005 | 20231205113316.0 | ||
| 007 | ta | ||
| 008 | 230509b bl.|||p| |||| 00| 00por d | ||
| 040 |
_aBR-BrBNA _bpor _cBiblioteca Nacional de Agricultura |
||
| 041 | _a(Pt) | ||
| 072 | _aH10 | ||
| 100 | 1 | _aAsano, S. | |
| 100 | 1 | _aMoura, R.M. de | |
| 245 | 1 | _aEfeitos dos macronutrientes e dos micronutrientes na severidade da meloidoginose da cana-de-açucar | |
| 650 | _aCANA DE AÇUCAR | ||
| 650 | _aMACRONUTRIENTE | ||
| 650 | _aMICRONUTRIENTE | ||
| 650 | _aMELOIDOGINOSE | ||
| 773 | 0 |
_tNematologia Brasileira (Brazil) _xISSN 0102-2997 _g(1995), v. 19(1/2) p. 16-20 _wBR0904410 |
|
| 909 |
_a202311 _bLúcia _c55 _dLúcia Elande |
||
| 942 |
_2AGRIS _n0 _cANA |
||
| 999 |
_c203039 _d203039 |
||